000
00412nam a2200133Ia 4500
008
100328s9999 xx 000 0 und d
082
_b
10027
100
_a
साठे शं.गो.
245
_a
स्वप्नीचे ान हे
260
_b
पॉप्युलर
630
_a
स्वप्नीचे ान हे
730
_a
स्वप्नीचे ान हे
942
_c
BOOK
999
_c
505575
_d
505572